Movies Quiz

Random Movies Quiz

Photo Quiz: 2014 movies part 2 Stats

 Plays Quiz not verified by Sporcle

Challenge
Share
Tweet
Score 0/12 Timer 04:00
0 Plays Today
Photo Movie Name % Correct
Photo 2Horrible Bosses 2
84.1%
Photo 1Dumb and Dumber To
82.5%
Photo 3Fury
76.1%
Photo 10Guardians of the Galaxy
73.1%
Photo 4The Imitation Game
67.7%
Photo 7Nightcrawler
62.9%
Photo 12The Inbetweeners 2
59.4%
Photo 9Gone Girl
55.9%
Photo 11The Maze Runner
52.7%
Photo 5Interstellar
39%
Photo 6'71
31.5%
Photo 8Noble
15.3%

You're not logged in!

Compare scores with friends on all Sporcle quizzes.
Join for Free
OR
Log In

You Might Also Like...

Show Comments

Extras

Created Jan 6, 2015ReportFavoriteNominate
Tags:2014, half, released, second

Top Quizzes Today


Score Distribution

Your Account Isn't Verified!

In order to create a playlist on Sporcle, you need to verify the email address you used during registration. Go to your Sporcle Settings to finish the process.

Report this User

Report this user for behavior that violates our Community Guidelines.

Details: